00916nam a22002537a 45000010005000000030006000050050017000110080041000280200018000690400029000870500017001160820014001331000028001472450065001752600038002403000049002784900026003275050008003535200203003615210020005645210020005846500031006046500027006359074FISKH20251118162223.0251118b cb ||||| |||| 00| 0 eng d a9781338158915 aFISKHbengcFISKHdFISKH aQA76.S27 W39 a621.39092 aWaxman, Laura Hamilton aComputer engineer Ruchi Sanghvi /cBy Laura Hamilton Waxman aNew York : bScholastic , c2015. a32 pages : bcolor illustrations ;c23 cm .  aSTEM trailblazer BIOS aV  aDiscusses Sanghvi's early life in India and education in the U.S., as well as how her work as the first female engineer at Facebook helped it become the largest social networking site in the world. 8 a840 bLexile 8 aV bRaz-Plus  aMulticulturalvNon-fiction aBiographyvNon-fiction